Dios-Union-Libertadad: (Registro nro. 7829)
[ vista simple ]
| 000 -LEADER | |
|---|---|
| fixed length control field | 00945nam a2200205Ia 4500 |
| 005 - FECHA Y HORA DE LA ÚLTIMA TRANSACCIÓN | |
| control field | 20230418093038.0 |
| 008 - FIXED-LENGTH DATA ELEMENTS--GENERAL INFORMATION | |
| fixed length control field | 230417s9999 xx 000 0 und d |
| 040 ## - CATALOGING SOURCE | |
| Original cataloging agency | UPAN |
| Transcribing agency | Biblioteca San Vicente |
| Description conventions | RCAA2 |
| 041 ## - LANGUAGE CODE | |
| Language code of text/sound track or separate title | spa |
| 082 ## - DEWEY DECIMAL CLASSIFICATION NUMBER | |
| Classification number | 320.472 82 |
| Item number | R664d |
| 100 ## - MAIN ENTRY--PERSONAL NAME | |
| Personal name | Romero, Matias |
| Relator code | aut. |
| 245 #0 - TITLE STATEMENT | |
| Title | Dios-Union-Libertadad: |
| Remainder of title | Ensayo de filosofía cívica salvadoreña/ |
| Statement of responsibility, etc | Matías Romero |
| 260 ## - PUBLICATION, DISTRIBUTION, ETC. (IMPRINT) | |
| Place of publication, distribution, etc | San Salvador: |
| Name of publisher, distributor, etc | Corte Suprema de Justicia, |
| Date of publication, distribution, etc | 1997 |
| 300 ## - PHYSICAL DESCRIPTION | |
| Extent | 127 p.; |
| Dimensions | 18cm. |
| 505 ## - FORMATTED CONTENTS NOTE | |
| Formatted contents note | Capitulo 1: Dios-Unión-Libertad<br/>Capitulo 2: Nacionalismo<br/>Capitulo 3: Internacionalismo<br/>Capitulo 4: Entre la montaña y el mar<br/>Capitulo 5: La noción salvadoreña<br/>Capitulo 6: Máter dolorosa<br/>Capitulo 7: El camino de la recta razón<br/>Capitulo 8: Hacia la dicha suprema de la paz |
| 650 ## - SUBJECT ADDED ENTRY--TOPICAL TERM | |
| Source of heading or term | LEMB |
| General subdivision | Patriotismo |
| Geographic subdivision | Salvadoreño |
| 650 ## - SUBJECT ADDED ENTRY--TOPICAL TERM | |
| Source of heading or term | LEMB |
| General subdivision | Nacionalismo |
| Geographic subdivision | Salvadoreño |
| 650 ## - SUBJECT ADDED ENTRY--TOPICAL TERM | |
| Source of heading or term | LEMB |
| Form subdivision | Ensayo |
| General subdivision | Civismo |
| Geographic subdivision | El Salvador |
| 942 ## - ADDED ENTRY ELEMENTS (KOHA) | |
| Koha item type | Libros |
| Source of classification or shelving scheme | Dewey Decimal Classification |
| Withdrawn status | Lost status | Source of classification or shelving scheme | Damaged status | Not for loan | Collection code | Home library | Current library | Date acquired | Total Checkouts | Full call number | Barcode | Date last seen | Price effective from | Koha item type | Copy number |
|---|---|---|---|---|---|---|---|---|---|---|---|---|---|---|---|
| Dewey Decimal Classification | Colección General | Biblioteca UPAN San Vicente | Biblioteca UPAN San Vicente | 17/04/2023 | 320.472 82 R664d | 12000347 | 17/04/2023 | 17/04/2023 | Libros | ||||||
| Dewey Decimal Classification | Colección General | Biblioteca UPAN San Vicente | Biblioteca UPAN San Vicente | 17/04/2023 | 320.472 82 R664d | 12000346 | 17/04/2023 | 17/04/2023 | Libros | 01 |